Normal view
MARC view
Entry Topical Term
001 - CONTROL NUMBER
- control field: 58631
003 - CONTROL NUMBER IDENTIFIER
- control field: dpl
005 - DATE AND TIME OF LATEST TRANSACTION
- control field: 20231114153139.0
008 - FIXED-LENGTH DATA ELEMENTS
- fixed length control field: 231114|| aca||aabn | a|a d
040 ## - CATALOGING SOURCE
- Original cataloging agency: dpl
- Transcribing agency: dpl
150 ## - HEADING--TOPICAL TERM
- Topical term or geographic name as entry element: हिन्दी कथा साहित्य
670 ## - SOURCE DATA FOUND
- Source citation: Work cat.: (dpl)196893: गुप्ता,सुमन 58630, किस-किस को नमन करूँ /, 2022
